00527nam a2200133Ia 4500008004100000100002100041245011400062245006400176260005300240260001600293300000800309650001500317856006100332170221s9999 xx 000 0 und d aPavel P. Baranov aManagement of the Conservative Political Platform of the Transformation Public-power Organization in Eurasia  cPavel P. Baranov, Alexey Y. Mamychev, Alexey I. Ovchinnikov bInternational Review of Management and Marketing cAugust 2014 a3:3 xMarketing. uhttp://www.econjournals.com/index.php/irmm/issue/view/86